Farm forecasts dismal (Record no. 66126)

MARC details
000 -LEADER
fixed length control field 00635cam a2200181 4500
001 - CONTROL NUMBER
control field WB3707-38
008 - FIXED-LENGTH DATA ELEMENTS--GENERAL INFORMATION
fixed length control field 000000n2001 000 0 eng u
035 ## - SYSTEM CONTROL NUMBER
System control number (Sirsi) u110942
245 ## - TITLE STATEMENT
Title Farm forecasts dismal
260 ## - PUBLICATION, DISTRIBUTION, ETC.
Date of publication, distribution, etc. 2001
490 ## - SERIES STATEMENT
Series statement Scotsman
Volume/sequential designation 14 February 2001, 8(1)
520 ## - SUMMARY, ETC.
Summary, etc. Forecasts for farming income show little hope for the future. Figures released by the Scottish rural affairs department emphasise the difficult financial situation with incomes at one quarter their 1995 level.
590 ## - LOCAL NOTE (RLIN)
Local note WB
650 ## - SUBJECT ADDED ENTRY--TOPICAL TERM
Topical term or geographic name entry element FARM INCOMES
650 ## - SUBJECT ADDED ENTRY--TOPICAL TERM
Topical term or geographic name entry element SCOTLAND
690 ## - LOCAL SUBJECT ADDED ENTRY--TOPICAL TERM (OCLC, RLIN)
Topical term or geographic name as entry element RURAL-AGRICULTURE AND FORESTRY
942 ## - ADDED ENTRY ELEMENTS (KOHA)
Suppress in OPAC 0
Holdings
Withdrawn status Lost status Source of classification or shelving scheme Damaged status Not for loan Home library Current library Shelving location Date acquired Total Checkouts Full call number Barcode Date last seen Copy number Price effective from Koha item type
    Dewey Decimal Classification     London London News article 15/02/2001   WB3707-38 110942-1001 06/08/2019 1 06/08/2019 News article